000 00390nam a22001577a 4500
003 OSt
005 20140310182443.0
008 130803t xxu||||| |||| 00| 0 eng d
050 _aRC 636
_b.H548 2008
100 _aMartin Howard.
_97461
245 _aHaematology
_cMartin Howard.
260 _aUSA :
_bChurchill '
_cc2008.
942 _2lcc
_cSSLC
999 _c13549
_d13549